Villes de Normandie - Carte Quiz - Statistiques

Statistiques générales
  • Ce quiz a été pris 30 781 fois
  • Le résultat moyen est 7 sur 12
Réponses sur la Carte
Les réponses sont colorées sur une échelle allant du rouge au vert en fonction du pourcentage des utilisateurs qui les ont devinées à leur premier essai. Vous pouvez retrouver ces pourcentages ci-dessous.
 
Statistiques - réponses
Réponse % Correct
Le Havre
77%
Caen
76%
Cherbourg-en-Cotentin
76%
Rouen
70%
Dieppe
60%
Saint-Lô
58%
Étretat
57%
Alençon
56%
Évreux
54%
Granville
50%
Bayeux
46%
Vernon
43%
Aucun quiz correspondant
Distribution des résultats
% des personnes avec chaque résultat
Percentile par nombre de réponses
Votre historique - résultats
Vous n’avez pas pris ce quiz